000 00311 a2200145 4500
001 195122
040 _cMagnum
100 _aSilva, João Carlos Marinho
240 1 0 _aO gênio do crime
_lpor
245 1 0 _aO gênio do crime
300 _a162
362 0 _a2006
697 _aLITERATURA JUVENIL
942 _cBK
999 _c195122
_d195122